00460nam a22001577a 4500003000900000008004100009020001800050040007100068082001900139100002000158245002700178260003300205300002600238505001100264650002700275AR-CdUCM190305b ||||| |||| 00| 0 spa d a84-28-01622-9 aMUNICIPALIDAD PROVINCIAL DEL CUSCOcBIBLIOTECA MUNICIPAL DEL CUSCO a868.07 /bOR74 aOrtiz, Lourdes  aLa Fuente de La Vida / aEspaña :bPlaneta ;c1995. a292 páginas ;c21cm aNovela aLiteratura española